[Event "Nordic Chess-ch 2019"]
[Site "Sarpsborg"]
[Date "2019.06.26"]
[Round "8.38"]
[White "Mirza, Raad"]
[Black "Stabbetorp, Hans"]
[Result "*"]
[WhiteElo "1991"]
[BlackElo "1767"]
[Annotator "NA RC"]
[PlyCount "120"]
[EventDate "2019.06.21"]
[EventType "swiss"]
[EventCountry "NOR"]
[SourceTitle "playchess.com"]
[Source "ChessBase"]
[SourceQuality "1"]
[TimeControl "40/5400+30:1800+30"]

1. e4 {[%emt 0:00:00]} d5 {[%emt 0:00:00]} 2. exd5 {[%emt 0:00:00]} Qxd5 {[%emt 0:00:00]} 3. Nf3 {[%emt 0:00:03]} Nf6 {[%emt 0:00:00]} 4. d4 {[%emt 0:00:22]} Bf5 {[%emt 0:00:05]} 5. c4 {[%emt 0:03:50]} Qd8 {[%emt 0:05:13]} 6. Qb3 {[%emt 0:03:42]} b6 {[%emt 0:01:32]} 7. Be3 {[%emt 0:00:38]} g6 {[%emt 0:03:08]} 8. c5 {[%emt 0:01:23]} Be6 {[%emt 0:02:10]} 9. Qa4+ {[%emt 0:08:00]} Bd7 {[%emt 0:01:59]} 10. Qb3 {[%emt 0:01:36]} Be6 {[%emt 0:01:55]} 11. Bb5+ {[%emt 0:03:47]} c6 {[%emt 0:01:04]} 12. Bc4 {[%emt 0:00:02]} Bxc4 {[%emt 0:03:14]} 13. Qxc4 {[%emt 0:00:02]} Qd5 {[%emt 0:01:46]} 14. Qe2 {[%emt 0:01:24]} Bg7 {[%emt 0:00:22]} 15. Nc3 {[%emt 0:00:20]} Qf5 {[%emt 0:03:40]} 16. O-O {[%emt 0:03:54]} O-O {[%emt 0:00:28]} 17. Ne5 {[%emt 0:02:09]} bxc5 {[%emt 0:02:53]} 18. Qc4 {[%emt 0:03:42]} cxd4 {[%emt 0:02:14]} 19. Bxd4 {[%emt 0:00:04]} Nfd7 {[%emt 0:02:29]} 20. Nxc6 {[%emt 0:02:33]} Nxc6 {[%emt 0:02:41]} 21. Bxg7 {[%emt 0:00:16]} Na5 {[%emt 0:02:13]} 22. Qd4 {[%emt 0:07:10]} Nc6 {[%emt 0:10:58]} 23. Qa4 {[%emt 0:04:00]} Kxg7 {[%emt 0:01:04]} 24. Qxc6 {[%emt 0:00:07]} Rfc8 {[%emt 0:00:55]} 25. Qb7 {[%emt 0:02:25]} Rcb8 {[%emt 0:07:47]} 26. Qc6 {[%emt 0:00:27]} Ne5 {[%emt 0:01:15]} 27. Qd5 {[%emt 0:03:39]} e6 {[%emt 0:01:29]} 28. Qd2 {[%emt 0:00:46]} Rd8 {[%emt 0:03:04]} 29. Qe2 {[%emt 0:00:43]} Rd7 {[%emt 0:04:07]} 30. Ne4 {[%emt 0:05:25]} Nc6 {[%emt 0:07:39]} 31. f3 {[%emt 0:01:40]} Rad8 {[%emt 0:01:50]} 32. Qc4 {[%emt 0:00:58]} Ne7 {[%emt 0:02:52]} 33. Qc3+ {[%emt 0:00:51]} Rd4 {[%emt 0:03:25]} 34. Rad1 {[%emt 0:02:29]} Qd5 {[%emt 0:02:39]} 35. Rd2 {[%emt 0:02:01]} e5 {[%emt 0:02:39]} 36. Rfd1 {[%emt 0:00:24]} f5 {[%emt 0:02:29]} 37. Rxd4 {[%emt 0:11:01]} exd4 {[%emt 0:01:22]} 38. Qa3 {[%emt 0:01:53]} Qe5 {[%emt 0:02:08]} 39. Nf2 {[%emt 0:01:58]} Nc6 {[%emt 0:04:11]} 40. Nd3 {[%emt 0:02:27]} Qd6 {[%emt 0:04:58]} 41. Qa4 {[%emt 0:35:33]} Rd7 {[%emt 0:04:51]} 42. Rc1 {[%emt 0:00:00]} Nd8 {[%emt 0:03:48]} 43. Kf2 {[%emt 0:00:00]} Re7 {[%emt 0:03:03]} 44. g3 {[%emt 0:00:00]} Nf7 {[%emt 0:02:01]} 45. Rc6 {[%emt 0:00:00]} Qd7 {[%emt 0:02:12]} 46. Nc5 {[%emt 0:00:00]} Qd5 {[%emt 0:01:53]} 47. Nd3 {[%emt 0:00:58]} Ne5 {[%emt 0:01:52]} 48. Nxe5 {[%emt 0:00:53]} Qxe5 {[%emt 0:00:17]} 49. Qc4 {[%emt 0:02:02]} Qe3+ {[%emt 0:03:04]} 50. Kg2 {[%emt 0:00:20]} d3 {[%emt 0:01:48]} 51. Rd6 {[%emt 0:03:19]} Qd2+ {[%emt 0:04:47]} 52. Kh3 {[%emt 0:00:36]} Qh6+ {[%emt 0:02:05]} 53. Qh4 {[%emt 0:00:02]} Qe3 {[%emt 0:00:27]} 54. Rxd3 {[%emt 0:00:29]} Qe2 {[%emt 0:01:30]} 55. Qd4+ {[%emt 0:01:27]} Kh6 {[%emt 0:02:22]} 56. Qf4+ {[%emt 0:01:15]} Kg7 {[%emt 0:01:16]} 57. Rd2 {[%emt 0:00:25]} Qf1+ {[%emt 0:01:03]} 58. Kh4 {[%emt 0:00:21]} h6 {[%emt 0:01:51]} 59. Qd4+ {[%emt 0:00:01]} Kh7 {[%emt 0:00:36]} 60. Qf6 {[%emt 0:00:36]} g5+ {[%emt 0:03:17]} *

[Event "Nordic Chess-ch 2019"]
[Site "Sarpsborg"]
[Date "2019.06.26"]
[Round "8.39"]
[White "Thorvlaksson, Baldvin"]
[Black "Larsen, Bjorn"]
[Result "*"]
[WhiteElo "1523"]
[BlackElo "1680"]
[Annotator "NA RC"]
[PlyCount "83"]
[EventDate "2019.06.21"]
[EventType "swiss"]
[EventCountry "NOR"]
[SourceTitle "playchess.com"]
[Source "ChessBase"]
[SourceQuality "1"]
[TimeControl "40/5400+30:1800+30"]

1. e4 {[%emt 0:00:00]} e5 {[%emt 0:00:00]} 2. Nc3 {[%emt 0:00:00]} Bc5 {[%emt 0:02:02]} 3. Bc4 {[%emt 0:00:00]} Nf6 {[%emt 0:01:26]} 4. d3 {[%emt 0:02:23]} h6 {[%emt 0:04:19]} 5. Nge2 {[%emt 0:02:33]} d6 {[%emt 0:01:24]} 6. O-O {[%emt 0:00:29]} c6 {[%emt 0:01:55]} 7. a3 {[%emt 0:03:20]} O-O {[%emt 0:02:39]} 8. Ba2 {[%emt 0:01:59]} b5 {[%emt 0:02:08]} 9. Be3 {[%emt 0:08:02]} Bb6 {[%emt 0:08:54]} 10. Ng3 {[%emt 0:07:09]} Ng4 {[%emt 0:23:54]} 11. Qf3 {[%emt 0:08:32]} Qf6 {[%emt 0:11:39]} 12. Nf5 {[%emt 0:14:25]} Nxe3 {[%emt 0:04:12]} 13. fxe3 {[%emt 0:00:22]} Bxf5 {[%emt 0:02:21]} 14. exf5 {[%emt 0:00:24]} d5 {[%emt 0:00:55]} 15. Nxd5 {[%emt 0:06:28]} cxd5 {[%emt 0:01:10]} 16. Bxd5 {[%emt 0:01:14]} Nc6 {[%emt 0:04:05]} 17. Bxc6 {[%emt 0:01:32]} Rac8 {[%emt 0:07:13]} 18. Bxb5 {[%emt 0:00:21]} Rxc2 {[%emt 0:00:17]} 19. Rab1 {[%emt 0:00:48]} Rfc8 {[%emt 0:01:01]} 20. Bc4 {[%emt 0:00:21]} e4 {[%emt 0:04:12]} 21. Qxe4 {[%emt 0:03:03]} Rxb2 {[%emt 0:00:24]} 22. Bxf7+ {[%emt 0:03:51]} Kxf7 {[%emt 0:05:06]} 23. Qe6+ {[%emt 0:00:18]} Qxe6 {[%emt 0:00:24]} 24. fxe6+ {[%emt 0:00:09]} Kxe6 {[%emt 0:00:12]} 25. Rxb2 {[%emt 0:00:14]} Bxe3+ {[%emt 0:00:12]} 26. Kh1 {[%emt 0:00:18]} Bb6 {[%emt 0:01:13]} 27. Rb3 {[%emt 0:03:04]} Kd5 {[%emt 0:01:11]} 28. h4 {[%emt 0:01:34]} Rc7 {[%emt 0:02:57]} 29. Kh2 {[%emt 0:00:43]} Kd4 {[%emt 0:00:26]} 30. Kg3 {[%emt 0:05:08]} Ke5 {[%emt 0:01:51]} 31. Rf4 {[%emt 0:07:36]} Ke6 {[%emt 0:02:39]} 32. Kf3 {[%emt 0:05:17]} Rd7 {[%emt 0:00:43]} 33. g4 {[%emt 0:04:12]} g6 {[%emt 0:00:52]} 34. g5 {[%emt 0:03:04]} hxg5 {[%emt 0:00:33]} 35. hxg5 {[%emt 0:00:06]} Rf7 {[%emt 0:01:33]} 36. Rxf7 {[%emt 0:00:54]} Kxf7 {[%emt 0:00:01]} 37. Ke4 {[%emt 0:00:32]} Ke6 {[%emt 0:00:02]} 38. d4 {[%emt 0:00:28]} Bd8 {[%emt 0:00:19]} 39. Rb5 {[%emt 0:00:54]} Kd6 {[%emt 0:00:22]} 40. Rd5+ {[%emt 0:00:50]} Ke7 {[%emt 0:00:01]} 41. Rxd8 {[%emt 0:30:31]} Kxd8 {[%emt 0:30:06]} 42. Kd5 {[%emt 0:00:04]} *

[Event "Nordic Chess-ch 2019"]
[Site "Sarpsborg"]
[Date "2019.06.26"]
[Round "8.40"]
[White "Andersen, Odd"]
[Black "Sather, Lars"]
[Result "*"]
[WhiteElo "1751"]
[BlackElo "1730"]
[Annotator "NA RC"]
[PlyCount "119"]
[EventDate "2019.06.21"]
[EventType "swiss"]
[EventCountry "NOR"]
[SourceTitle "playchess.com"]
[Source "ChessBase"]
[SourceQuality "1"]
[TimeControl "40/5400+30:1800+30"]

1. e4 {[%emt 0:00:00]} e6 {[%emt 0:00:00]} 2. d4 {[%emt 0:00:00]} c5 {[%emt 0:00:00]} 3. d5 {[%emt 0:00:00]} exd5 {[%emt 0:00:00]} 4. exd5 {[%emt 0:00:07]} d6 {[%emt 0:00:00]} 5. c4 {[%emt 0:00:31]} Nf6 {[%emt 0:00:14]} 6. Bg5 {[%emt 0:00:45]} Be7 {[%emt 0:00:14]} 7. Nf3 {[%emt 0:00:15]} h6 {[%emt 0:02:45]} 8. Bf4 {[%emt 0:00:47]} Qb6 {[%emt 0:03:00]} 9. Qc2 {[%emt 0:31:34]} O-O {[%emt 1:28:17]} 10. Bd3 {[%emt 1:01:01]} Nh5 {[%emt 0:00:00]} 11. Be3 {[%emt 0:00:00]} f5 {[%emt 0:00:00]} 12. Nc3 {[%emt 0:00:00]} f4 {[%emt 0:00:00]} 13. Bd2 {[%emt 0:00:00]} Bd7 {[%emt 0:00:00]} 14. O-O-O {[%emt 0:00:00]} Qd8 {[%emt 0:00:00]} 15. Bh7+ {[%emt 0:00:00]} Kh8 {[%emt 0:00:00]} 16. Bg6 {[%emt 0:00:00]} Be8 {[%emt 0:00:00]} 17. Rde1 {[%emt 0:00:00]} Na6 {[%emt 0:00:00]} 18. Re2 {[%emt 0:00:00]} Nb4 {[%emt 0:00:00]} 19. Qb1 {[%emt 0:00:00]} Rf6 {[%emt 0:00:00]} 20. Bxe8 {[%emt 0:00:00]} Qxe8 {[%emt 0:00:00]} 21. Rhe1 {[%emt 0:00:00]} Rf7 {[%emt 0:00:00]} 22. Nh4 {[%emt 0:00:00]} Rf6 {[%emt 0:00:00]} 23. Rxe7 {[%emt 0:00:00]} Qc8 {[%emt 0:00:00]} 24. Qe4 {[%emt 0:00:00]} Qg4 {[%emt 0:00:00]} 25. g3 {[%emt 0:00:00]} Rg8 {[%emt 0:00:00]} 26. Re8 {[%emt 0:00:00]} g5 {[%emt 0:00:00]} 27. Rxg8+ {[%emt 0:00:00]} Kxg8 {[%emt 0:00:00]} 28. Qe8+ {[%emt 0:00:00]} Kh7 {[%emt 0:00:00]} 29. Ng2 {[%emt 0:00:00]} Nd3+ {[%emt 0:00:00]} 30. Kc2 {[%emt 0:00:00]} Nxe1+ {[%emt 0:00:00]} 31. Nxe1 {[%emt 0:00:00]} fxg3 {[%emt 0:00:00]} 32. fxg3 {[%emt 0:00:00]} Rf2 {[%emt 0:00:00]} 33. Qe7+ {[%emt 0:00:00]} Ng7 {[%emt 0:00:00]} 34. Qe4+ {[%emt 0:00:00]} Qf5 {[%emt 0:00:00]} 35. h4 {[%emt 0:00:00]} gxh4 {[%emt 0:00:00]} 36. gxh4 {[%emt 0:00:00]} Kg6 {[%emt 0:00:00]} 37. Qxf5+ {[%emt 0:00:00]} Nxf5 {[%emt 0:00:00]} 38. Ne4 {[%emt 0:00:00]} Rh2 {[%emt 0:00:00]} 39. Nd3 {[%emt 0:00:00]} Rxh4 {[%emt 0:00:00]} 40. Bf4 {[%emt 0:00:00]} Nd4+ {[%emt 0:00:00]} 41. Kd2 {[%emt 0:06:04]} Rg4 {[%emt 0:32:51]} 42. Nef2 {[%emt 0:01:54]} Rh4 {[%emt 0:05:29]} 43. Bxd6 {[%emt 0:00:17]} b6 {[%emt 0:04:15]} 44. Bb8 {[%emt 0:00:20]} a6 {[%emt 0:03:34]} 45. Ba7 {[%emt 0:00:20]} b5 {[%emt 0:00:00]} 46. b3 {[%emt 0:00:00]} bxc4 {[%emt 0:00:00]} 47. bxc4 {[%emt 0:00:00]} Nf3+ {[%emt 0:00:00]} 48. Kc3 {[%emt 0:00:00]} Nd4 {[%emt 0:00:00]} 49. Bxc5 {[%emt 0:00:00]} Ne2+ {[%emt 0:00:00]} 50. Kb4 {[%emt 0:00:00]} a5+ {[%emt 0:00:00]} 51. Kxa5 {[%emt 0:00:00]} Kf5 {[%emt 0:00:00]} 52. Kb4 {[%emt 0:00:00]} Nf4 {[%emt 0:00:00]} 53. Nxf4 {[%emt 0:00:00]} Rxf4 {[%emt 0:00:00]} 54. Nd3 {[%emt 0:00:00]} Rf1 {[%emt 0:00:00]} 55. a4 {[%emt 0:00:00]} Rd1 {[%emt 0:00:00]} 56. Kc3 {[%emt 0:00:00]} Ra1 {[%emt 0:00:00]} 57. Nb2 {[%emt 0:00:00]} h5 {[%emt 0:00:00]} 58. Bd6 {[%emt 0:00:00]} Ke4 {[%emt 0:00:00]} 59. Bc7 {[%emt 0:00:00]} h4 {[%emt 0:00:00]} 60. d6 {[%emt 0:00:00]} *

[Event "Nordic Chess-ch 2019"]
[Site "Sarpsborg"]
[Date "2019.06.26"]
[Round "8.41"]
[White "Stubrud, Jan Magne"]
[Black "Lilleng, Gunnar"]
[Result "*"]
[WhiteElo "1681"]
[BlackElo "1485"]
[Annotator "NA RC"]
[PlyCount "91"]
[EventDate "2019.06.21"]
[EventType "swiss"]
[EventCountry "NOR"]
[SourceTitle "playchess.com"]
[Source "ChessBase"]
[SourceQuality "1"]
[TimeControl "40/5400+30:1800+30"]

1. d4 {[%emt 0:00:00]} c6 {[%emt 0:00:17]} 2. Bf4 {[%emt 0:00:00]} d6 {[%emt 0:00:57]} 3. Nf3 {[%emt 0:01:22]} Bg4 {[%emt 0:00:19]} 4. Nbd2 {[%emt 0:00:52]} Nf6 {[%emt 0:01:08]} 5. c3 {[%emt 0:03:09]} Nbd7 {[%emt 0:00:25]} 6. Qb3 {[%emt 0:02:29]} Qb6 {[%emt 0:00:21]} 7. e4 {[%emt 0:06:56]} Qxb3 {[%emt 0:00:30]} 8. axb3 {[%emt 0:00:14]} e6 {[%emt 0:01:19]} 9. Bd3 {[%emt 0:02:54]} d5 {[%emt 0:06:11]} 10. e5 {[%emt 0:04:13]} Ng8 {[%emt 0:00:08]} 11. O-O {[%emt 0:05:30]} Ne7 {[%emt 0:02:08]} 12. b4 {[%emt 0:01:48]} Bf5 {[%emt 0:10:45]} 13. Be2 {[%emt 0:04:57]} h6 {[%emt 0:02:45]} 14. Nb3 {[%emt 0:06:19]} g5 {[%emt 0:03:24]} 15. Be3 {[%emt 0:00:38]} Bg7 {[%emt 0:00:13]} 16. h3 {[%emt 0:08:13]} O-O {[%emt 0:02:38]} 17. Ne1 {[%emt 0:03:29]} b5 {[%emt 0:04:58]} 18. Nd3 {[%emt 0:03:14]} Nb6 {[%emt 0:02:55]} 19. Nbc5 {[%emt 0:05:04]} Bg6 {[%emt 0:05:37]} 20. b3 {[%emt 0:02:59]} Nf5 {[%emt 0:05:13]} 21. Bd2 {[%emt 0:01:00]} Ne7 {[%emt 0:01:31]} 22. f4 {[%emt 0:05:16]} gxf4 {[%emt 0:00:39]} 23. Nxf4 {[%emt 0:00:49]} Bc2 {[%emt 0:08:42]} 24. Ra2 {[%emt 0:01:34]} Bh7 {[%emt 0:00:16]} 25. Nh5 {[%emt 0:04:58]} Bg6 {[%emt 0:03:10]} 26. Bc1 {[%emt 0:04:37]} Nf5 {[%emt 0:02:03]} 27. g4 {[%emt 0:03:52]} Bxh5 {[%emt 0:01:06]} 28. gxf5 {[%emt 0:00:08]} Bxe2 {[%emt 0:00:18]} 29. Rxe2 {[%emt 0:00:20]} exf5 {[%emt 0:02:16]} 30. Rxf5 {[%emt 0:00:18]} Rae8 {[%emt 0:04:52]} 31. Ref2 {[%emt 0:01:27]} f6 {[%emt 0:03:15]} 32. e6 {[%emt 0:01:25]} Re7 {[%emt 0:00:58]} 33. Bf4 {[%emt 0:01:33]} Nc8 {[%emt 0:01:12]} 34. Re2 {[%emt 0:02:37]} Rfe8 {[%emt 0:04:02]} 35. Kf2 {[%emt 0:03:45]} Kh7 {[%emt 0:00:34]} 36. Kf3 {[%emt 0:01:05]} Rd8 {[%emt 0:08:29]} 37. Kg4 {[%emt 0:06:13]} Nd6 {[%emt 0:02:11]} 38. Bxd6 {[%emt 0:00:19]} Rxd6 {[%emt 0:00:09]} 39. Rf1 {[%emt 0:00:53]} Rd8 {[%emt 0:09:54]} 40. Kf5 {[%emt 0:00:20]} Ra8 {[%emt 0:01:03]} 41. Nd7 {[%emt 0:32:14]} a5 {[%emt 0:30:33]} 42. Ra1 {[%emt 0:00:00]} a4 {[%emt 0:00:00]} 43. bxa4 {[%emt 0:00:00]} bxa4 {[%emt 0:00:00]} 44. Ra3 {[%emt 0:00:00]} Bh8 {[%emt 0:00:00]} 45. Nxf6+ {[%emt 0:00:00]} Kg7 {[%emt 0:00:00]} 46. Rg2+ {[%emt 0:00:00]} *

[Event "Nordic Chess-ch 2019"]
[Site "Sarpsborg"]
[Date "2019.06.26"]
[Round "8.42"]
[White "Eiding, Amanda Mai Irgens"]
[Black "Hoiom, Jonas"]
[Result "*"]
[WhiteElo "1655"]
[BlackElo "1317"]
[Annotator "NA RC"]
[PlyCount "99"]
[EventDate "2019.06.21"]
[EventType "swiss"]
[EventCountry "NOR"]
[SourceTitle "playchess.com"]
[Source "ChessBase"]
[SourceQuality "1"]
[TimeControl "40/5400+30:1800+30"]

1. e4 {[%emt 0:00:00]} c6 {[%emt 0:00:00]} 2. d4 {[%emt 0:00:00]} d5 {[%emt 1:31:00]} 3. exd5 {[%emt 1:31:30]} cxd5 {[%emt 0:00:00]} 4. c4 {[%emt 0:00:00]} Nf6 {[%emt 0:00:00]} 5. Nc3 {[%emt 0:00:00]} Bf5 {[%emt 0:00:00]} 6. Nf3 {[%emt 0:00:00]} e6 {[%emt 0:00:00]} 7. Bg5 {[%emt 0:00:00]} Be7 {[%emt 0:00:00]} 8. cxd5 {[%emt 0:00:00]} Nxd5 {[%emt 0:00:00]} 9. Bxe7 {[%emt 0:00:00]} Qxe7 {[%emt 0:00:00]} 10. Bb5+ {[%emt 0:00:00]} Kf8 {[%emt 0:00:00]} 11. O-O {[%emt 0:00:00]} Nd7 {[%emt 0:00:00]} 12. Re1 {[%emt 0:00:00]} Nxc3 {[%emt 0:00:00]} 13. bxc3 {[%emt 0:00:00]} f6 {[%emt 0:00:00]} 14. Nh4 {[%emt 0:00:00]} Bg6 {[%emt 0:00:00]} 15. Nxg6+ {[%emt 0:00:00]} hxg6 {[%emt 0:00:00]} 16. Qg4 {[%emt 0:00:00]} Qd6 {[%emt 0:00:00]} 17. Qg3 {[%emt 0:00:00]} Qxg3 {[%emt 0:00:00]} 18. hxg3 {[%emt 0:00:00]} Ke7 {[%emt 0:00:00]} 19. Rab1 {[%emt 0:00:00]} b6 {[%emt 0:00:00]} 20. Rb2 {[%emt 0:00:00]} Rh5 {[%emt 0:00:00]} 21. Ba4 {[%emt 0:00:00]} Rah8 {[%emt 0:00:00]} 22. f3 {[%emt 0:00:00]} Rh1+ {[%emt 0:00:00]} 23. Kf2 {[%emt 0:00:00]} Rxe1 {[%emt 0:00:00]} 24. Kxe1 {[%emt 0:00:00]} Rh1+ {[%emt 0:00:00]} 25. Kd2 {[%emt 0:00:00]} Rg1 {[%emt 0:00:00]} 26. Kd3 {[%emt 0:00:00]} Kd6 {[%emt 0:00:00]} 27. c4 {[%emt 0:00:00]} e5 {[%emt 0:00:00]} 28. Bxd7 {[%emt 0:00:00]} Kxd7 {[%emt 0:00:00]} 29. d5 {[%emt 0:00:00]} Kd6 {[%emt 0:00:00]} 30. Rc2 {[%emt 0:00:00]} Kc5 {[%emt 0:00:00]} 31. Ke3 {[%emt 0:00:00]} Re1+ {[%emt 0:00:00]} 32. Kf2 {[%emt 0:00:00]} Ra1 {[%emt 0:00:00]} 33. Rd2 {[%emt 0:00:00]} Kd6 {[%emt 0:00:00]} 34. Ke3 {[%emt 0:00:00]} Rb1 {[%emt 0:00:00]} 35. Kd3 {[%emt 0:00:00]} Rb4 {[%emt 0:00:00]} 36. Kc3 {[%emt 0:00:00]} a5 {[%emt 0:00:00]} 37. Rb2 {[%emt 0:00:00]} Rxb2 {[%emt 0:00:00]} 38. Kxb2 {[%emt 0:00:00]} f5 {[%emt 0:00:00]} 39. Kc3 {[%emt 0:00:00]} g5 {[%emt 0:00:00]} 40. Kd3 {[%emt 0:00:00]} Kc5 {[%emt 0:00:00]} 41. a4 {[%emt 0:00:09]} Kd6 {[%emt 0:13:22]} 42. Ke3 {[%emt 0:00:13]} Kc5 {[%emt 0:00:39]} 43. f4 {[%emt 0:00:20]} e4 {[%emt 0:00:46]} 44. fxg5 {[%emt 0:00:20]} g6 {[%emt 0:00:50]} 45. g4 {[%emt 0:00:06]} Kd6 {[%emt 0:01:17]} 46. gxf5 {[%emt 0:00:10]} gxf5 {[%emt 0:00:18]} 47. g6 {[%emt 0:00:09]} Ke7 {[%emt 0:00:20]} 48. g7 {[%emt 0:00:23]} Kf7 {[%emt 0:00:14]} 49. d6 {[%emt 0:00:06]} Kxg7 {[%emt 0:00:17]} 50. d7 {[%emt 0:00:06]} *

[Event "Nordic Chess-ch 2019"]
[Site "Sarpsborg"]
[Date "2019.06.27"]
[Round "9.1"]
[White "Holm, Kristian Stuvik"]
[Black "Urkedal, Frode Olav Olsen"]
[Result "1/2-1/2"]
[WhiteElo "2474"]
[BlackElo "2525"]
[Annotator "RC"]
[PlyCount "23"]
[EventDate "2019.06.21"]
[EventType "swiss"]
[EventCountry "NOR"]
[SourceTitle "playchess.com"]
[Source "ChessBase"]
[SourceQuality "1"]
[TimeControl "40/5400+30:1800+30"]

1. Nf3 {[%emt 0:00:00]} Nf6 {[%emt 0:00:00]} 2. c4 {[%emt 0:00:00]} e6 {[%emt 0:00:00]} 3. Nc3 {[%emt 0:00:00]} d5 {[%emt 0:00:19]} 4. d4 {[%emt 0:00:01]} Be7 {[%emt 0:01:14]} 5. Bf4 {[%emt 0:00:21]} O-O {[%emt 0:00:47]} 6. e3 {[%emt 0:00:05]} Nbd7 {[%emt 0:00:42]} 7. a3 {[%emt 0:00:15]} c5 {[%emt 0:00:45]} 8. cxd5 {[%emt 0:00:34]} Nxd5 {[%emt 0:00:21]} 9. Nxd5 {[%emt 0:00:07]} exd5 {[%emt 0:00:04]} 10. dxc5 {[%emt 0:00:11]} Nxc5 {[%emt 0:00:06]} 11. Be5 {[%emt 0:00:06]} Bf6 {[%emt 0:06:20]} 12. Be2 {[%emt 0:00:38]} 1/2-1/2

[Event "Nordic Chess-ch 2019"]
[Site "Sarpsborg"]
[Date "2019.06.27"]
[Round "9.2"]
[White "Notkevich, Benjamin Arvola"]
[Black "Hammer, Jon Ludvig"]
[Result "1-0"]
[WhiteElo "2485"]
[BlackElo "2645"]
[Annotator "RC"]
[PlyCount "63"]
[EventDate "2019.06.21"]
[EventType "swiss"]
[EventCountry "NOR"]
[SourceTitle "playchess.com"]
[Source "ChessBase"]
[SourceQuality "1"]
[TimeControl "40/5400+30:1800+30"]

1. Nf3 {[%emt 0:00:00]} d5 {[%emt 1:30:30]} 2. c4 {[%emt 0:00:08]} c6 {[%emt 0:00:00]} 3. d4 {[%emt 0:00:07]} Nf6 {[%emt 0:00:00]} 4. Nc3 {[%emt 0:00:08]} e6 {[%emt 0:00:00]} 5. Bg5 {[%emt 0:00:08]} h6 {[%emt 0:00:00]} 6. Bh4 {[%emt 0:00:53]} dxc4 {[%emt 0:00:00]} 7. e4 {[%emt 0:00:08]} g5 {[%emt 0:00:00]} 8. Bg3 {[%emt 0:00:04]} b5 {[%emt 0:00:00]} 9. Be2 {[%emt 0:07:36]} Bb7 {[%emt 0:00:00]} 10. O-O {[%emt 0:00:34]} Nbd7 {[%emt 0:00:00]} 11. Ne5 {[%emt 0:03:27]} Bg7 {[%emt 0:00:00]} 12. a4 {[%emt 0:02:28]} a6 {[%emt 0:00:00]} 13. Nxf7 {[%emt 0:03:47]} Kxf7 {[%emt 0:00:00]} 14. e5 {[%emt 0:00:03]} Nd5 {[%emt 0:00:00]} 15. Ne4 {[%emt 0:00:07]} Kg8 {[%emt 0:00:00]} 16. Nd6 {[%emt 0:01:29]} Qb6 {[%emt 0:00:00]} 17. a5 {[%emt 0:26:22]} Qc7 {[%emt 0:00:00]} 18. Bh5 {[%emt 0:05:33]} Rh7 {[%emt 0:00:00]} 19. Bf7+ {[%emt 0:02:18]} Kh8 {[%emt 0:00:00]} 20. Bxe6 {[%emt 0:00:15]} Nf8 {[%emt 0:00:00]} 21. Bxd5 {[%emt 0:20:05]} cxd5 {[%emt 0:00:00]} 22. f4 {[%emt 0:00:04]} Ne6 {[%emt 0:00:00]} 23. Qg4 {[%emt 0:15:38]} Bc8 {[%emt 0:00:00]} 24. f5 {[%emt 0:02:16]} Nf4 {[%emt 0:00:03]} 25. Bxf4 {[%emt 0:05:40]} gxf4 {[%emt 0:00:09]} 26. Rxf4 {[%emt 0:00:34]} b4 {[%emt 0:03:40]} 27. Qg6 {[%emt 0:02:26]} Bf8 {[%emt 0:01:25]} 28. f6 {[%emt 0:00:16]} Bd7 {[%emt 0:04:03]} 29. f7 {[%emt 0:00:52]} Rg7 {[%emt 0:03:41]} 30. Qxh6+ {[%emt 0:00:06]} Rh7 {[%emt 0:00:04]} 31. Qg6 {[%emt 0:00:20]} Bg7 {[%emt 0:00:25]} 32. Ne8 {[%emt 0:00:18]} 1-0

[Event "Nordic Chess-ch 2019"]
[Site "Sarpsborg"]
[Date "2019.06.27"]
[Round "9.3"]
[White "Ingebretsen, Jens E"]
[Black "Chatalbashev, Boris"]
[Result "0-1"]
[WhiteElo "2263"]
[BlackElo "2527"]
[Annotator "TA"]
[PlyCount "68"]
[EventDate "2019.06.21"]
[EventType "swiss"]
[EventCountry "NOR"]
[SourceTitle "playchess.com"]
[Source "ChessBase"]
[SourceQuality "1"]

{[%evp 13,68,13,29,14,65,25,29,0,0,0,0,0,0,-3,104,104,88,25,24,-3,-16,-34,-35,-143,-135,-195,-191,-267,-258,-448,-429,-516,-510,-468,-464,-518,-517,-289,-290,-940,-941,-913,-902,-2690,-2001,-29980,-29981,-29981,-29982,-29982,-29983,-29983,-29982,-29992,-29993,-29993,-29992]} 1. c4 b6 2. d4 Bb7 3. Nc3 e6 4. a3 f5 5. d5 Nf6 6. g3 Na6 {[%cal Bb8a6,Ba6c5,Bc5e4][%mdl 32]} 7. Bg2 Nc5 8. Bf4 {A40: Unusual replies to 1 d4} (8. Nh3 Bd6 9. Nb5 Be5 10. Bf4 Bxf4 11. Nxf4 O-O 12. b4 Nce4 13. dxe6 g5 14. Nd5 Nxd5 15. cxd5 a6 {1-0 (60) Le,Q (2739)-Kunin,V (2551) Tbilisi 2017}) 8... Be7 ({Better is} 8... Nfe4 $11) 9. Nf3 (9. Nb5 $5 {[%cal Rb5c7]}) 9... O-O 10. Nb5 $146 {White has an edge.} ({Predecessor:} 10. O-O Nce4 11. Nb5 c6 12. dxc6 Bxc6 {0-1 (47) Halkias,S (2502)-Bunzmann,D (2484) Yerevan 2000}) 10... d6 {[%cal Re6d5]} 11. b4 Nce4 $1 {[%cal Re6d5]} 12. Nfd4 exd5 13. f3 $1 {[%cal Rf3e4]} dxc4 (13... Nh5 $11 {remains equal.} 14. fxe4 Nxf4 15. gxf4 Bh4+ 16. Kd2 dxe4) 14. fxe4 $16 Nxe4 {[#]} 15. Ne6 ({White should play} 15. Qc2 $1 $16) 15... Qd7 $1 $11 {[%csl LRb5,LRe6]} 16. Nxf8 Rxf8 17. Nd4 g5 {[%mdl 1024] Black has compensation.} 18. Bc1 (18. Be3 $15) 18... c5 {...Nc3 is the strong threat.} ({Don't play} 18... Nc3 19. Bxb7 Nxd1 20. Bc6 $15) 19. Nf3 (19. Bxe4 $17 Bxe4 20. Nf3) 19... Bf6 $19 20. Be3 (20. Ra2 {was worth a try.} g4 21. Nh4 Bxh4 22. gxh4) 20... Nc3 21. Qc1 $2 (21. Qd2 f4 22. gxf4 gxf4 23. Bf2) 21... Re8 ({Weaker is} 21... g4 22. Nh4 $17) 22. Kf1 f4 23. gxf4 gxf4 24. Bd2 Nxe2 {[%mdl 64] [#] Discovered Attack} 25. Qxc4+ d5 26. Qa2 $2 (26. Qxe2 Rxe2 27. Kxe2) 26... Ba6 27. Kf2 Bc4 28. Qb1 Qg7 {( -> ...Bd4+)} 29. Bh3 Bd4+ {Black mates.} 30. Nxd4 Qxd4+ {[%mdl 64] Double Attack} 31. Kf3 Qxd2 32. Rg1+ Kh8 33. Bf5 Nxg1+ 34. Qxg1 Be2+ {Accuracy: White = 34%, Black = 77%.} 0-1